Herzog

Bibliographic Details
Main Author: Bellow, Saul, 1915-2005 (Author)
Other Authors: Fridrichovský, Marian (Translator), Lenko, Július, 1914-2000 (Translator), Bothová-Hegedüsová, Zuzana (Author of introduction, etc.)
Format: Book
Language:Slovak
PhysicalDescription:337, [1] s. 8°
Published: Bratislava Tatran 1968
Series:Knižnice svetových bestsellerov zv. 1

MARC

LEADER 00000nam a2200000 a 4500
001 vtls001261786
003 SK-MaSNL
005 20260301234520.0
008 250312s1968 xo slo
035 |a SNK000212666 
035 |a urn:nbn:sk:snk-amln9y 
035 |a urn:nbn:sk:snk-am00byqk 
035 |a 5BFDDB77-4934-43F9-AC34-AD32C9908E91 
040 |a SNK  |b slo  |c SNK  |e AACR2 
041 0 |a slo 
044 |a xo  |c SK 
100 1 |a Bellow, Saul,  |d 1915-2005  |4 aut  |9 98356 
245 1 0 |a Herzog  |c Saul Bellow ; prel. Marian Fridrichovský ; verše prebás. Július Lenko ; doslov nap. Zuzana Bothová 
246 1 0 |a Herzog 
260 |a Bratislava  |b Tatran  |c 1968 
300 |a 337, [1] s.  |c 8° 
490 1 |a Knižnice svetových bestsellerov  |v zv. 1 
700 1 |a Fridrichovský, Marian  |4 trl  |9 339951 
700 1 |a Lenko, Július,  |d 1914-2000  |4 trl  |9 105440 
700 1 |a Bothová-Hegedüsová, Zuzana  |4 aui  |9 223554 
852 |a Slovenská národná knižnica 
958 |a RK 
958 |a OND 
999 |c 970347  |d 972277 
952 |a SNK  |b SNK  |y PREZ  |7 0  |p 17A0863474  |o snkSD 34458  |i snkKSP 2159/69  |0 0  |1 0  |4 0  |d 2013-08-09  |f 1  |l 0  |r 2026-02-24 10:49:06  |w 2026-02-24 
952 |t P60, <04>, [BOOK], {604}  |a SNK  |b SNK  |y VYP  |7 0  |p 17A0114785  |o snkSD 34458 D1  |i snkKSP 2160/69  |0 0  |1 0  |4 0  |d 1996-09-20  |l 0  |r 2005-01-01 00:00:00  |w 2026-02-24